Statistiques concernant BIA - Nuages

Cliquez ici pour prendre le quiz!

Statistiques générales

  • Ce quiz a été pris 59 fois
  • Le résultat moyen est 16 sur 22

Statistiques - réponses

QuestionsRéponses% Correct
ACu
97%
ACi
95%
ASt
92%
AStratus+Cumulus
92%
NStratus
86%
NCumulonimbus
84%
NCumulus
84%
NCirrus
78%
NNimbus
73%
NStratocumulus
70%
NCirrocumulus
68%
NAltocumulus
65%
NAltostratus
65%
ACc
65%
ACs
65%
NNimbostratus
62%
NCirrostratus
59%
ASc
59%
ANs
57%
AAc
54%
AAs
54%
ACb
46%

Distribution des résultats

Percentile par nombre de réponses

% des personnes avec chaque résultat

Votre développement - résultats

Vous n’avez pas pris ce quiz